Molecular analysis of plants regenerated from embryogenic cultures of hybrid sugarcane cultivars (Saccharum spp.) (Record no. 63157)

MARC details
000 -LEADER
fixed length control field 00532nam a2200181Ia 4500
100 ## - MAIN ENTRY--AUTHOR NAME
Personal name Chowdhury M K U
245 #0 - TITLE STATEMENT
Title Molecular analysis of plants regenerated from embryogenic cultures of hybrid sugarcane cultivars (Saccharum spp.)
260 ## - PUBLICATION, DISTRIBUTION, ETC. (IMPRINT)
Name of publisher Theoretical and Applied Genetics
Year of publication 1993
300 ## - PHYSICAL DESCRIPTION
Number of Pages 181-188
650 ## - SUBJECT ADDED ENTRY--TOPICAL TERM
Topical Term Gramieae
650 ## - SUBJECT ADDED ENTRY--TOPICAL TERM
Topical Term Molecular analysis
650 ## - SUBJECT ADDED ENTRY--TOPICAL TERM
Topical Term RFLP
650 ## - SUBJECT ADDED ENTRY--TOPICAL TERM
Topical Term Sugarcane
650 ## - SUBJECT ADDED ENTRY--TOPICAL TERM
Topical Term Tissue culture
700 ## - ADDED ENTRY--PERSONAL NAME
Personal name Vasil I K
942 ## - ADDED ENTRY ELEMENTS (KOHA)
Koha item type Journals
Holdings
Withdrawn status Lost status Damaged status Not for loan Home library Current library Shelving location Date acquired Serial Enumeration / chronology Koha item type
      Journals RRII Library RRII Library Biotechnology 17/12/2021 Volume 85, Issue 03-Feb Journals